| 000 | 00563nam a2200193Ia 4500 | ||
|---|---|---|---|
| 005 | 20250326143535.0 | ||
| 008 | 250326s9999 xx 000 0 und d | ||
| 020 | _a0-470-84334-9 | ||
| 037 | _aTextbook | ||
| 040 |
_aFMSL _beng _cFMSL |
||
| 041 |
_aeng _2eng |
||
| 084 |
_aX:74:8 P3 _qFMSL |
||
| 100 |
_aJones O _9748170 |
||
| 245 | 0 |
_aCompetitive advantage in SMEs : organising for innovation and change _cJones O; Tilley F |
|
| 260 |
_aEngland _bEngland, Wiley _c2003 |
||
| 300 | _a275p | ||
| 942 |
_cTB _hX:74:8 P3 |
||
| 999 |
_c1300015 _d1300015 |
||